000 00261nam a22001217a 4500
008 260318b ||||| |||| 00| 0 eng d
041 _aeng
080 _a71.1
100 _a19
101 _aelektro
245 _aElektroteknika
_cRexhep Nushi
942 _2udc
_cBK
999 _c60909
_d60909